000 00606cam a22002053a 4500
001 44969
003 PGUSA
005 20140828084028.0
008 140220s2014||||xxu|||||s|||||000 | eng d
040 _aPGUSA
_beng
042 _adc
245 1 4 _aThe English and Scottish Popular Ballads (Volume I of 5)
_h[electronic resource] /
_cVarious
260 _bProject Gutenberg,
_c2014
506 _aPublic domain in the USA.
516 _aElectronic text
700 1 _aChild, Francis James,
_d1825-1896
830 0 _aProject Gutenberg
_v44969
856 4 0 _uhttp://www.gutenberg.org/ebooks/44969
942 _cEB
999 _c274220
_d274220